000 00744nam a2200205Ia 4500
003 GCL
008 140319s9999 xx 000 0 ara d
040 _aGCL /
_cGCL
082 0 4 _a658.8
_bح ت
100 1 _aحصة محمد احمد البحر
245 1 0 _aالتحليل المحاسبى: بغرض اتخاذ القرارات فى مجال الانتاج والتسويق /
_cحصة محمد احمد البحر
260 _aالكويت :
_bمؤسسة الكويت للتقدم العلمى ،
_c1988
300 _a337 ص
490 _aسلسلة الرسائل الجامعية
_v0
650 0 4 _aادارة الاعمال
650 0 4 _aالتسويق
650 0 4 _aالمحاسبة
650 0 4 _aالانتاج
942 _2ddc
_cBK
999 _c28252
_d28252